logo

Bir Sreshtho Munshi Abdur Rouf Library
Jhenaidah Cadet College

Health matters : (Record no. 9719)

MARC details
000 -LEADER
fixed length control field 00910cam a2200277 a 4500
001 - CONTROL NUMBER
JCCL Control Number 9719
003 - CONTROL NUMBER IDENTIFIER
JCCL marc code BD-JhCC
005 - DATE AND TIME OF LATEST TRANSACTION
control field 20220731134023.0
008 - FIXED-LENGTH DATA ELEMENTS--GENERAL INFORMATION
fixed length control field 070118s2007 njua b 001 0 eng
020 ## - INTERNATIONAL STANDARD BOOK NUMBER
International Standard Book Number 9780470045725 (pbk.)
020 ## - INTERNATIONAL STANDARD BOOK NUMBER
International Standard Book Number 0470045728 (pbk.)
035 ## - SYSTEM CONTROL NUMBER
system control number (OCoLC)ocm79256754
035 ## - SYSTEM CONTROL NUMBER
system control number (BD-JhCC)9719
040 ## - CATALOGING SOURCE
Original cataloging agency DLC
Transcribing agency DLC
Modifying agency YDX
-- BAKER
-- BTCTA
-- UKM
-- YDXCP
-- DLC
-- BD-JhCC
041 ## - LANGUAGE CODE
Language code of Book eng
050 00 - LIBRARY OF CONGRESS CALL NUMBER
Classification number RA776
Item number .G775 2007
082 00 - DEWEY DECIMAL CLASSIFICATION NUMBER
Classification number 613
DDC Edition number 22
Author mark and Year GRA 2007
100 1# - MAIN ENTRY--PERSONAL NAME
Personal name Grant, Taylor,
Dates associated with a name 1963-
245 10 - TITLE STATEMENT
Title Health matters :
Remainder of title 8 steps that can save your life--and your family's health /
Statement of responsibility, etc Taylor Grant.
246 30 - VARYING FORM OF TITLE
Title proper/short title eight steps that can save your life--and your family's health
260 ## - PUBLICATION, DISTRIBUTION, ETC. (IMPRINT)
Place of publication, distribution, etc Hoboken, N.J. :
Name of publisher, distributor, etc John Wiley & Sons,
Date of publication, distribution, etc c2007.
300 ## - PHYSICAL DESCRIPTION
Pagination xi, 275 p. :
Other physical details ill. ;
Dimensions 24 cm.
504 ## - BIBLIOGRAPHY, ETC. NOTE
Bibliography, etc Includes bibliographical references and index.
650 #0 - SUBJECT ADDED ENTRY--TOPICAL TERM
Topical term or geographic name as entry element Health.
942 ## - ADDED ENTRY ELEMENTS (KOHA)
Source of classification or shelving scheme Dewey Decimal Classification
Koha item type Books
Koha issues (borrowed), all copies 2
Holdings
Source of classification or shelving scheme Damaged status Not for loan Home library Current library Shelving location Date of accession Total Checkouts Full call number Barcode Date last seen Date checked out Copy number Koha item type
Dewey Decimal Classification     JCC Rouf Library JCC Rouf Library General Stacks 03/22/2018 1 613 GRA 2007 11746 08/04/2022 07/30/2022 C-1 Books

JCC Library | Contacts | JCC Home

Last Update on 23 September 2017
Copyright @ 2017-2020 JCC Rouf Library
Rouf Library, Jhenidah Cadet College (JCC), Bangladesh